International english /

Guardado en:
Autor Principal: Rabley, Stephen
Formato: Libro
Publicado: London : Macmillan, 1989
Series:Macmillan Dossier
Materias:
Etiquetas: Agregar Etiqueta
Sin Etiquetas, Sea el primero en etiquetar este registro!
LEADER 00482nam a22001815a 4500
001 CEM.cems005263
005 20060220000000.0
008 130507s1989##################000#0#####d
003 CEMS
082 0 4 |a 428.64 
100 1 |a Rabley, Stephen 
245 1 0 |a International english / 
260 |a London :  |b Macmillan,  |c 1989 
300 |a 32 p. 
490 0 |a Macmillan Dossier 
653 |a Donacion c. basico 
653 |a Ingles 
859 |a CEMS  |b BIB. CEMS - 11 de abril  |h 428.64  |i R113/3  |p 16741.92  |t Ej.1